| 000 | 00423nam a2200145Ia 4500 | ||
|---|---|---|---|
| 008 | 230917s9999||||xx |||||||||||||| ||und|| | ||
| 040 |
_e4206 _aMAIN |
||
| 041 | _aEnglish | ||
| 082 | _a329.973023 P782C | ||
| 100 | _aPool, Ithiel DeSola | ||
| 245 | 0 | _aCandidates, issues and strategies: A computer simulation of the 1960 presidential elections | |
| 260 |
_aCambridge _bMIT Press _c1965 |
||
| 300 | _a193 p. | ||
| 942 | _cBK | ||
| 999 |
_c186144 _d186144 |
||